Sušenie a hydrotermická úprava dreva

Bibliographic Details
Main Authors: Trebula, Pavel, 1934- (Author), Klement, Ivan, 1966- (Author)
Format: Book
Language:Slovak
PhysicalDescription:449 strán schémy, tabuľky 25 cm
Published: Zvolen Technická univerzita 2002
ISBN:8022811823
Edition:1. vyd.
Subjects:

MARC

LEADER 00000cam a2200000 a 4500
001 vtls001464274
003 SK-MaSNL
005 20260302073225.0
008 240226s2002 xo l frnp 000 0 slo
015 |a SNBA2003/12-04912 
020 |a 8022811823  |q (viazané) 
035 |a SNK000419579 
035 |a urn:nbn:sk:snk-am3j1u6 
035 |a AF8F82F7-7BD5-4524-A162-ACD5B81263BC 
035 |a urn:nbn:sk:snk-am00gmd6 
040 |a SNK  |b slo  |c SNK  |e AACR2 
041 0 |a slo 
044 |a xo  |c SK 
072 7 |a 674  |x Drevo. Drevársky priemysel  |2 konspekt 
072 7 |a 37.016  |x Učebné osnovy. Vyučovacie predmety. Učebnice  |2 konspekt 
080 |a 674.03  |2 2011 
080 |a 674.038.1  |2 2011 
080 |a 542.47  |2 2011 
080 |a (075.8)  |2 2011 
100 1 |a Trebula, Pavel,  |d 1934-  |4 aut  |9 26916 
245 1 0 |a Sušenie a hydrotermická úprava dreva  |c Pavel Trebula, Ivan Klement 
250 |a 1. vyd. 
260 |a Zvolen  |b Technická univerzita  |c 2002 
300 |a 449 strán  |b schémy, tabuľky  |c 25 cm 
366 |e 200 kusov 
500 |a Obsahuje cudzojazyčný slovník odborných výrazov 
504 |a Bibliografia na strane 443-449 
650 0 7 |a drevo  |2 SNKPH  |9 3560 
650 0 7 |a vlastnosti dreva  |2 SNKPH  |9 66626 
650 0 7 |a sušenie  |2 SNKPH  |9 15921 
650 0 7 |a hydrotermická úprava  |2 SNKPH  |9 291967 
655 7 |a učebnice vysokých škôl  |2 SNKPH  |9 70191 
700 1 |a Klement, Ivan,  |d 1966-  |4 aut  |9 206404 
919 |a 80-228-1182-3 
958 |a TL 
958 |a NB 
958 |a UV 
958 |a OND 
999 |c 1159986  |d 1161916 
952 |t P60, <03>, [BOOK], {603}  |a SNK  |b SNK  |y PREZ  |7 0  |p 17A0404965  |o snkSC 113818  |i snkKSP 15188/2003  |0 0  |1 0  |4 0  |d 2003-11-28  |f 1  |l 0  |r 2025-10-02 00:00:00  |w 2026-02-24 
952 |t snkTRE 674.074  |a SNKUST  |b SNKUST  |y PREZ  |7 0  |p 17A0404964  |o snkSC 113818 D1   |i snkKSP 15189/2003  |0 0  |1 0  |4 0  |d 2003-11-28  |l 0  |r 2025-03-20 00:00:00  |w 2026-02-24